00466nam a22001457a 450000500170000000800410001704100130005808200120007110000300008324500830011325000190019626000470021530000330026265000250029520231123060520.0231122b |||||||| |||| 00| 0 eng d aEnglish  a342 ROS aRose Innes, LA lEnglish  aJudicial Review of Administrative Tribunals in South Africa / cLA Rose Innes  aFirst Edition  aCape Town : bJuta and Company Ltd, c1963 bxxxiv, 274 pages ; c26 cm.  aLegal practice bLaw